Príčiny hospodárskeho rastu a zaostávania druhej vlny novoindustrializovaných vybraných krajín Ázie bakalárska práca

Na minha lista:
Detalhes bibliográficos
Autor principal: Mikulová, Anna
Autor Corporativo: Fakulta medzinárodných vzťahov EU. Katedra medzinárodných ekonomických vzťahov a hospodárskej diplomacie
Outros Autores: Grančay, Nóra
Formato: Livro
Idioma:eslovaco
Publicado em: Bratislava 2015
Tags: Adicionar Tag
Sem tags, seja o primeiro a adicionar uma tag!

MARC

LEADER 00000nbm a2200000 4500
001 0202634
005 20161212100220.8
041 0 |a slo 
044 |a SK 
245 1 0 |a Príčiny hospodárskeho rastu a zaostávania druhej vlny novoindustrializovaných vybraných krajín Ázie  |b bakalárska práca  |c Anna Mikulová ; školiteľ: Nóra Grančay 
264 1 |a Bratislava  |c 2015 
300 |a 50 s. 
100 1 |a Mikulová, Anna 
700 1 |a Grančay, Nóra 
710 2 |a Fakulta medzinárodných vzťahov EU. Katedra medzinárodných ekonomických vzťahov a hospodárskej diplomacie